000 01246cad a22002775a 4500
001 E148298
008 090901s2007 xxk f s000 0 eng d
020 _a9780755968169
022 1 _a0950-2254
035 _a(Sirsi) u148298
041 0 _aeng
050 0 4 _a306.1 $2 18
100 1 _aClegg, Sue
245 0 0 _aHousing aspirations
_h[electronic resource]
260 _aEdinburgh
_bScottish Government Social Research
_c2007
505 2 _aExecutive summary -- Introduction -- Literature review -- Current and past housing arrangements -- Attitudes and preferences -- Housing aspirations -- Conclusions and discussion -- Annexes
520 _aPresents the results of research aimed at gaining an understanding of the short and long term housing aspirations of households in Scotland. The research consisted of a survey, interviews and a literature review.
521 _aAdvanced
651 4 _aScotland
_y1999-
690 _aPROPERTY-RESIDENTIAL PROPERTY-DOMESTIC RESIDENTIAL PROPERTY-HOUSING
700 1 _aCoulter, Alice
700 1 _aEdwards, Gareth
700 1 _aStrachan, Valerie
856 4 0 _uhttps://www.scotland.gov.uk/Publications/2007/10/25095712/0
_zView the report free of charge at www.scotland.gov.uk...
942 _n0
999 _c109996
_d109996